عرض عادي عرض مارك
  • Welch, Kathleen

مدخل إسم شخص

عدد التسجيلات المستخدمة في: 1

001 - رقم الضبط

  • حقل الضبط: 10651

003 - معرف رقم الضبط

  • حقل الضبط: OSt

005 - تاريخ ووقت أخر عملية

  • حقل الضبط: 20120411010755.0

008 - عناصر بيانات ثابتة الطول

  • حقل تحكم ثابت الطول: 120411|||a|||||| | ||| d

040 ## - مصدر الفهرسة

  • هيئة الفهرسة الأصلية: OSt
  • وكالة الكتابة: OSt

100 ## - مدخل -- أسم شخص

  • إسم شخص: Welch, Kathleen
  • الشكل الكامل للاسم: (Kathleen Martini)

670 ## - بيانات المصدر موجوده

  • الاستشهاد بالمصدر: Work cat.: (OSt)0: Martini, Frederic. 10616, A&P applications manual /, c2012.